000 00500nam a2200169Ia 4500
008 090711s9999 xx 000 0 und d
082 _b840
100 _aइनामदार सुनील
245 _aसुनंदा
260 _bसानिका प्रकाशन
_c1997
300 _a99
600 _aइनामदार सुनील
630 _aसुनंदा
700 _aइनामदार सुनील
730 _aसुनंदा
942 _cBOOK
999 _c324342
_d324342